| 000 | 00632cam a22002172 4500 | ||
|---|---|---|---|
| 001 | 0000001682 | ||
| 005 | 20151217151824.0 | ||
| 008 | 070321s xx 000 0 eng d | ||
| 020 |
_a1854183052 : _cKES 4,900 |
||
| 040 |
_aKABU _cKABU |
||
| 050 | 0 |
_aHD30.28 _b.S56 |
|
| 245 | 1 | 0 |
_aShorter MBA / _ced. by Barrie Pearson and Neil Thomas. |
| 260 |
_aLondon : _bThorogood, _c2004. |
||
| 300 | _axii, 269 p. | ||
| 650 | 0 |
_aBusiness planning. _@0000150583 |
|
| 700 | 1 |
_aPearson, Barrie. _@0000150630 |
|
| 700 | 1 |
_aThomas, Neil. _@0000150631 |
|
| 908 | _a070321 | ||
| 950 | _@1 | ||
| 999 |
_c5386 _d5386 |
||